000
00247nam a2200097Ia 4500
001
801058
005
20250826171030.0
008
250824s9999 xx 000 0 und d
245
0
_a
OSMANLI TARİHİ
_c
ZEHRA AYGÜL
260
_b
UĞUR BÖCEĞİ YAYINLARI
999
_c
801058
_d
801058